Irish Cup Winners - Statistics

General Stats
  • This quiz has been taken 34 times
    15 since last reset
  • The average score is 131 of 145
Answer Stats
Season Winner % Correct
1928–29 Ballymena
100%
1939–40 | 1957–58 | 1980–81 | +2 others Ballymena United
100%
1882–83 | 1887–88 | 1896–97 | +6 others Cliftonville
100%
1966–67 | 1967–68 | 2008–09 | +3 others Crusaders
100%
2024-25 Dungannon Swifts
100%
1956–57 | 1958–59 | 1960–61 | +4 others Glenavon
100%
1913–14 | 1916–17 | 1920–21 | +20 others Glentoran
100%
1890–91 | 1891–92 | 1892–93 | +41 others Linfield
100%
1990–91 | 1998–99 | 2004–05 Portadown
100%
1964–65 | 1971–72 | 1974–75 | +3 others Coleraine
89%
1883–84 | 1884–85 | 1885–86 | +9 others Distillery
89%
1926–27 | 1951–52 | 1968–69 | 1973–74 Ards
78%
1992–93 Bangor
78%
1948–49 | 1953–54 | 1963–64 Derry City
78%
1975–76 Carrick Rangers
67%
1905–06 | 1910–11 | 1919–20 Shelbourne
67%
1917–18 | 1925–26 | 1936–37 | +5 others Belfast Celtic
56%
1880–81 Moyola Park
56%
1954–55 Dundela
44%
1881–82 | 1923–24 Queen's Island
44%
1907–08 Bohemians
33%
1886–87 Ulster
33%
1889–90 Gordon Highlanders
0%
1927–28 Willowfield
0%
No matching quizzes found
Score Distribution
Percent of People with Each Score
Percentile by Number Answered
Your Score History
You have not taken this quiz since the last reset